000 00414pab a2200169 454500
008 180718b2007 xxu||||| |||| 00| 0 eng d
100 _aDutta, P.K.
245 _aEnvironmental threat to human intelligence in the new millenium
260 _c2007
300 _ap.91-93.
362 _a29 Oct
650 _aEnvironment
700 _aDas, Ambalika
773 _aUniversity News
908 _aN
909 _a76313
999 _c76313
_d76313